História do Rio de Janeiro em 45 Objetos (Record no. 11064)
[ view plain ]
| 000 -CABECERA | |
|---|---|
| campo de control de longitud fija | 03500nam a22008777a 4500 |
| 001 - NÚMERO DE CONTROL | |
| campo de control | BRCA_9352 |
| 003 - IDENTIFICADOR DEL NÚMERO DE CONTROL | |
| campo de control | FranzMayer |
| 005 - FECHA Y HORA DE LA ÚLTIMA TRANSACCIÓN | |
| campo de control | 20230913114912.0 |
| 008 - DATOS DE LONGITUD FIJA--INFORMACIÓN GENERAL | |
| campo de control de longitud fija | 230908b |||||||| |||| 00| 0 eng d |
| 020 ## - NÚMERO INTERNACIONAL ESTÁNDAR DEL LIBRO | |
| Número Internacional Estándar del Libro | 9788522521395 |
| 040 ## - FUENTE DE LA CATALOGACIÓN | |
| Centro catalogador/agencia de origen | MFM |
| Lengua de catalogación | ESPAÑOL |
| Centro/agencia transcriptor | MFM |
| 050 #0 - SIGNATURA TOPOGRÁFICA DE LA BIBLIOTECA DEL CONGRESO | |
| Número de clasificación | NK1127.5 |
| Número de documento/Ítem | F48 2019 |
| 110 1# - ENTRADA PRINCIPAL--NOMBRE DE ENTIDAD CORPORATIVA | |
| Código de función/relación | Responsable |
| Nombre de entidad corporativa o nombre de jurisdicción como elemento de entrada | FGV |
| 9 (RLIN) | 29764 |
| 240 ## - TÍTULO UNIFORME | |
| Título uniforme | História do Rio de Janeiro em 45 Objetos |
| Lenguaje de la obra | Portugués |
| 245 0# - MENCIÓN DE TÍTULO | |
| Título | História do Rio de Janeiro em 45 Objetos |
| 260 ## - PUBLICACIÓN, DISTRIBUCIÓN, ETC. | |
| Lugar de publicación, distribución, etc. | Rio de Janeiro, Brasil |
| Nombre del editor, distribuidor, etc. | FGV |
| Fecha de publicación, distribución, etc. | 2019 |
| 300 ## - DESCRIPCIÓN FÍSICA | |
| Extensión | 371 p |
| Otras características físicas | Ilustraciones a color |
| Dimensiones | 23 cm |
| 500 ## - NOTA GENERAL | |
| Nota general | Incluye un dedicatoria al inicio del libro, para el museo Franz Mayer |
| 500 ## - NOTA GENERAL | |
| Nota general | L60/N6 |
| 505 ## - NOTA DE CONTENIDO CON FORMATO | |
| Nota de contenido con formato | Texto en: portuguésIncluye índice temáticoIncluye bibliografíaDirigido a: museógrafos, artistas |
| 650 1# - PUNTO DE ACCESO ADICIONAL DE MATERIA--TÉRMINO DE MATERIA | |
| Fuente del encabezamiento o término | Artes decorativas |
| Término de materia o nombre geográfico como elemento de entrada | Ornamentación |
| Subdivisión de forma | Objetos |
| 9 (RLIN) | 29765 |
| 651 2# - PUNTO DE ACCESO ADICIONAL DE MATERIA--NOMBRE GEOGRÁFICO | |
| Fuente del encabezamiento o término | Brasil |
| Nombre geográfico | Rio de Janeiro |
| Subdivisión de forma | Objetos brasileños |
| 9 (RLIN) | 29766 |
| 700 1# - PUNTO DE ACCESO ADICIONAL--NOMBRE DE PERSONA | |
| Código de función/relación | Org. |
| Nombre de persona | Knauss, Paulo |
| 9 (RLIN) | 29767 |
| 700 1# - PUNTO DE ACCESO ADICIONAL--NOMBRE DE PERSONA | |
| Código de función/relación | Org. |
| Nombre de persona | Lenzi, Isabel |
| 9 (RLIN) | 29768 |
| 700 1# - PUNTO DE ACCESO ADICIONAL--NOMBRE DE PERSONA | |
| Código de función/relación | Org |
| Nombre de persona | Malta, Marize |
| 9 (RLIN) | 29769 |
| 700 1# - PUNTO DE ACCESO ADICIONAL--NOMBRE DE PERSONA | |
| Código de función/relación | Foto |
| Nombre de persona | Santos Cox, Bernardo |
| 9 (RLIN) | 29770 |
| 700 1# - PUNTO DE ACCESO ADICIONAL--NOMBRE DE PERSONA | |
| Código de función/relación | Autor |
| Nombre de persona | Montenegro, Aline |
| 9 (RLIN) | 29771 |
| 700 1# - PUNTO DE ACCESO ADICIONAL--NOMBRE DE PERSONA | |
| Código de función/relación | Autor |
| Nombre de persona | Chazkel, Amy |
| 9 (RLIN) | 29772 |
| 700 1# - PUNTO DE ACCESO ADICIONAL--NOMBRE DE PERSONA | |
| Código de función/relación | Autor |
| Nombre de persona | Pessoa, Ana |
| 9 (RLIN) | 29773 |
| 700 1# - PUNTO DE ACCESO ADICIONAL--NOMBRE DE PERSONA | |
| Código de función/relación | Autor |
| Nombre de persona | Vieira de Campos, André Luiz |
| 9 (RLIN) | 29774 |
| 700 1# - PUNTO DE ACCESO ADICIONAL--NOMBRE DE PERSONA | |
| Código de función/relación | Autor |
| Nombre de persona | Kushnir, Beatriz |
| 9 (RLIN) | 29775 |
| 700 1# - PUNTO DE ACCESO ADICIONAL--NOMBRE DE PERSONA | |
| Código de función/relación | Autor |
| Nombre de persona | Agostini, Camilla |
| 9 (RLIN) | 29776 |
| 700 1# - PUNTO DE ACCESO ADICIONAL--NOMBRE DE PERSONA | |
| Código de función/relación | Autor |
| Nombre de persona | Baptista Andrade, Carlos |
| 9 (RLIN) | 29777 |
| 700 1# - PUNTO DE ACCESO ADICIONAL--NOMBRE DE PERSONA | |
| Código de función/relación | Autor |
| Nombre de persona | Balbi, Cesar |
| 9 (RLIN) | 29778 |
| 700 1# - PUNTO DE ACCESO ADICIONAL--NOMBRE DE PERSONA | |
| Código de función/relación | Autor |
| Nombre de persona | Heynemann, Claudia |
| 9 (RLIN) | 29779 |
| 700 1# - PUNTO DE ACCESO ADICIONAL--NOMBRE DE PERSONA | |
| Código de función/relación | Autor |
| Nombre de persona | Mesquita, Claudia |
| 9 (RLIN) | 29780 |
| 700 1# - PUNTO DE ACCESO ADICIONAL--NOMBRE DE PERSONA | |
| Código de función/relación | Autor |
| Nombre de persona | Oliveira de, Claudia |
| 9 (RLIN) | 29781 |
| 700 1# - PUNTO DE ACCESO ADICIONAL--NOMBRE DE PERSONA | |
| Código de función/relación | Autor |
| Nombre de persona | Figueiredo, Claudio |
| 9 (RLIN) | 29782 |
| 700 1# - PUNTO DE ACCESO ADICIONAL--NOMBRE DE PERSONA | |
| Código de función/relación | Autor |
| Nombre de persona | Honorato, Claudio |
| 9 (RLIN) | 29783 |
| 700 1# - PUNTO DE ACCESO ADICIONAL--NOMBRE DE PERSONA | |
| Código de función/relación | Autor |
| Nombre de persona | Ipanema de, Cybelle |
| 9 (RLIN) | 29784 |
| 700 1# - PUNTO DE ACCESO ADICIONAL--NOMBRE DE PERSONA | |
| Código de función/relación | Autor |
| Nombre de persona | Guil,araens, Dinah Papi |
| 9 (RLIN) | 29785 |
| 700 1# - PUNTO DE ACCESO ADICIONAL--NOMBRE DE PERSONA | |
| Código de función/relación | Autor |
| Nombre de persona | Furquin Wernecklima, Evelyn |
| 9 (RLIN) | 29786 |
| 700 1# - PUNTO DE ACCESO ADICIONAL--NOMBRE DE PERSONA | |
| Código de función/relación | Autor |
| Nombre de persona | Ferreira, Felipe |
| 9 (RLIN) | 29787 |
| 700 1# - PUNTO DE ACCESO ADICIONAL--NOMBRE DE PERSONA | |
| Código de función/relación | Autor |
| Nombre de persona | Alves do Carmo, Gustavo |
| 9 (RLIN) | 29788 |
| 700 1# - PUNTO DE ACCESO ADICIONAL--NOMBRE DE PERSONA | |
| Código de función/relación | Autor |
| Nombre de persona | Mattos, Hebe |
| 9 (RLIN) | 29789 |
| 700 1# - PUNTO DE ACCESO ADICIONAL--NOMBRE DE PERSONA | |
| Código de función/relación | Autor |
| Nombre de persona | Pessoa, José |
| 9 (RLIN) | 29790 |
| 700 1# - PUNTO DE ACCESO ADICIONAL--NOMBRE DE PERSONA | |
| Código de función/relación | Autor |
| Nombre de persona | Barreto Farias, Juliana |
| 9 (RLIN) | 29791 |
| 700 1# - PUNTO DE ACCESO ADICIONAL--NOMBRE DE PERSONA | |
| Código de función/relación | Autor |
| Nombre de persona | Vidal, Laurent |
| 9 (RLIN) | 29792 |
| 700 1# - PUNTO DE ACCESO ADICIONAL--NOMBRE DE PERSONA | |
| Código de función/relación | Autor |
| Nombre de persona | Braga Martins, Luiza Mara |
| 9 (RLIN) | 29793 |
| 700 1# - PUNTO DE ACCESO ADICIONAL--NOMBRE DE PERSONA | |
| Código de función/relación | Autor |
| Nombre de persona | Ladeira, Marcia |
| 9 (RLIN) | 29794 |
| 700 1# - PUNTO DE ACCESO ADICIONAL--NOMBRE DE PERSONA | |
| Código de función/relación | Autor |
| Nombre de persona | Alvez, Roiter, Marcio |
| 9 (RLIN) | 29795 |
| 700 1# - PUNTO DE ACCESO ADICIONAL--NOMBRE DE PERSONA | |
| Código de función/relación | Autor |
| Nombre de persona | Brum de Lopes. Marcos Felipe |
| 9 (RLIN) | 29796 |
| 700 1# - PUNTO DE ACCESO ADICIONAL--NOMBRE DE PERSONA | |
| Código de función/relación | Autor |
| Nombre de persona | Turazzi, Maria Inez |
| 9 (RLIN) | 29797 |
| 700 1# - PUNTO DE ACCESO ADICIONAL--NOMBRE DE PERSONA | |
| Código de función/relación | Autor |
| Nombre de persona | Lenzi, Maria Isabel |
| 9 (RLIN) | 29798 |
| 700 1# - PUNTO DE ACCESO ADICIONAL--NOMBRE DE PERSONA | |
| Código de función/relación | Autor |
| Nombre de persona | Bicalcho, Maria Fernanda |
| 9 (RLIN) | 29799 |
| 700 1# - PUNTO DE ACCESO ADICIONAL--NOMBRE DE PERSONA | |
| Código de función/relación | Autor |
| Nombre de persona | Pace Chiavari, Maria |
| 9 (RLIN) | 29800 |
| 700 1# - PUNTO DE ACCESO ADICIONAL--NOMBRE DE PERSONA | |
| Código de función/relación | Autor |
| Nombre de persona | Moraes de Ferreira, Marieta |
| 9 (RLIN) | 29801 |
| 700 1# - PUNTO DE ACCESO ADICIONAL--NOMBRE DE PERSONA | |
| Código de función/relación | Autor |
| Nombre de persona | Brum, Mario |
| 9 (RLIN) | 29802 |
| 700 1# - PUNTO DE ACCESO ADICIONAL--NOMBRE DE PERSONA | |
| Código de función/relación | Autor |
| Nombre de persona | Soares, Mariza |
| 9 (RLIN) | 29803 |
| 700 1# - PUNTO DE ACCESO ADICIONAL--NOMBRE DE PERSONA | |
| Código de función/relación | Autor |
| Nombre de persona | Malta, Marize |
| 9 (RLIN) | 29769 |
| 700 1# - PUNTO DE ACCESO ADICIONAL--NOMBRE DE PERSONA | |
| Código de función/relación | Autor |
| Nombre de persona | Priori de, Mary |
| 9 (RLIN) | 29804 |
| 700 1# - PUNTO DE ACCESO ADICIONAL--NOMBRE DE PERSONA | |
| Código de función/relación | Autor |
| Nombre de persona | Amoroso, Mauro |
| 9 (RLIN) | 29805 |
| 700 1# - PUNTO DE ACCESO ADICIONAL--NOMBRE DE PERSONA | |
| Código de función/relación | Autor |
| Nombre de persona | Kauffmann Bwnarush, Michelle |
| 9 (RLIN) | 29806 |
| 700 1# - PUNTO DE ACCESO ADICIONAL--NOMBRE DE PERSONA | |
| Código de función/relación | Autor |
| Nombre de persona | Santos da Silva, Monica |
| 9 (RLIN) | 29807 |
| 700 1# - PUNTO DE ACCESO ADICIONAL--NOMBRE DE PERSONA | |
| Código de función/relación | Autor |
| Nombre de persona | Aranha, Paula |
| 9 (RLIN) | 29808 |
| 700 1# - PUNTO DE ACCESO ADICIONAL--NOMBRE DE PERSONA | |
| Código de función/relación | Autor |
| Nombre de persona | Belchior, Pedro |
| 9 (RLIN) | 29809 |
| 700 1# - PUNTO DE ACCESO ADICIONAL--NOMBRE DE PERSONA | |
| Código de función/relación | Autor |
| Nombre de persona | Cardoso, Rafael |
| 9 (RLIN) | 29810 |
| 700 1# - PUNTO DE ACCESO ADICIONAL--NOMBRE DE PERSONA | |
| Código de función/relación | Autor |
| Nombre de persona | Zamorano Bezerra, Rafael |
| 9 (RLIN) | 29811 |
| 700 1# - PUNTO DE ACCESO ADICIONAL--NOMBRE DE PERSONA | |
| Código de función/relación | Autor |
| Nombre de persona | Cordeiro Gomes, Renato |
| 9 (RLIN) | 29812 |
| 700 1# - PUNTO DE ACCESO ADICIONAL--NOMBRE DE PERSONA | |
| Código de función/relación | Autor |
| Nombre de persona | Ipanema de, Rogeria |
| 9 (RLIN) | 29813 |
| 700 1# - PUNTO DE ACCESO ADICIONAL--NOMBRE DE PERSONA | |
| Código de función/relación | Autor |
| Nombre de persona | Quadrat, Samantha |
| 9 (RLIN) | 29814 |
| 700 1# - PUNTO DE ACCESO ADICIONAL--NOMBRE DE PERSONA | |
| Código de función/relación | Autor |
| Nombre de persona | Gomes Pereira, Sonia |
| 9 (RLIN) | 29815 |
| 700 1# - PUNTO DE ACCESO ADICIONAL--NOMBRE DE PERSONA | |
| Código de función/relación | Autor |
| Nombre de persona | Cabaña, Vera |
| 9 (RLIN) | 29816 |
| 700 1# - PUNTO DE ACCESO ADICIONAL--NOMBRE DE PERSONA | |
| Código de función/relación | Autor |
| Nombre de persona | Fava, Vivian |
| 9 (RLIN) | 29817 |
| 942 ## - ELEMENTOS DE PUNTO DE ACCESO ADICIONAL (KOHA) | |
| Fuente del sistema de clasificación o colocación | Library of Congress Classification |
| Tipo de ítem Koha | Libros |
| Estado de retiro | Estado de pérdida | Fuente del sistema de clasificación o colocación | Estado dañado | No para préstamo | Código de colección | Localización permanente | Ubicación/localización actual | Fecha de adquisición | Total de préstamos | Signatura topográfica completa | Código de barras | Fecha visto por última vez | Precio válido a partir de | Tipo de ítem Koha |
|---|---|---|---|---|---|---|---|---|---|---|---|---|---|---|
| El ejemplar forma parte de la colección y puede ser consultado según las políticas vigentes. | Library of Congress Classification | Fondo Contemporáneo | Biblioteca del Museo Franz Mayer (Rogerio Casas-Alatriste) | Biblioteca del Museo Franz Mayer (Rogerio Casas-Alatriste) | 08/09/2023 | NK1127.5 F48 2019 | CONT10219 | 08/09/2023 | 08/09/2023 | Libros |